000 00401nam a2200181Ia 4500
001 10071
005 20260306161804.0
008 260306t2007||||xx |||||||||||||| ||spa||
041 _aESP
082 _a873.11
_bV74
100 _aVirgilio
_eAUT
245 0 _aLa eneida
260 _c2007
300 _axlviii, 467 páginas :
_ccm.
650 _aGEN
654 _aCHU
942 _cLIB
_dJUS
_fJUS
_2ddc
_n
999 _c10071
_d10071